| 000 | 00379nam a2200133Ia 4500 | ||
|---|---|---|---|
| 003 | GCL | ||
| 008 | 140319s9999 xx 000 0 eng d | ||
| 040 |
_aGCL / _cGCL |
||
| 082 | 0 | 4 |
_a150.1 _bG E |
| 100 | 1 | _aGEROW, JOSH R. | |
| 245 | 1 | 0 |
_aESSENTIALS OF PSYCHOLOGY: CONCENTS AND APPLICATIONS / _cGEROW, JOSH R. |
| 260 |
_a[S.N] : _bHARPER COLLINS COLLEGE PUBLISBERS |
||
| 300 | _a602 P | ||
| 999 |
_c10494 _d10494 |
||